000 00646nam a22002057a 4500
003 OSt
005 20140310181757.0
008 130701t xxu||||| |||| 00| 0 eng d
020 _a9719013877
050 _aTK 7018
_b.As832 1997
082 _aFIL 643.6
_bAs4 1997
245 _aAng pag-aayos ng mga maliliit na kasangkapan sa bahay. unang aklat = how to repair small home appliances.
_cRicardo C. Asin
260 _aMetro Manila
_bTru-Copy
_cc1997.
300 _a102 p.
_bill. ;
_c21 cm
520 _a1. Household appliances, Electric--Maintenance and repair.
521 _a
541 _j1
562 _e1
942 _2lcc
_cBK-FIL
_kFIL
999 _c3500
_d3500